Ceny koszulek Fortuna 1 liga - Statystyki

Ogólne statystyki
  • Ten quiz został rozwiązany 70 razy
  • Średni wynik to 2 z 14
Statystyki odpowiedzi
Hint Odpowiedź % Poprawnych
329zł Wisła Kraków
26%
279zł Arka Gdynia
25%
199zł Sandencja Nowy Sącz
19%
220zł Bruk-Bet Termalica Nieciecza
15%
259zł Chrobry Głogów
15%
219zł Górnik Łęczna
15%
139zł Stal Rzesów
15%
300zł Podbeskidzie Bielsko-Biała
13%
119zł Zagłębie Sosnowiec
13%
400zl Ruch Chorzów
11%
169zł Odra Opole
9%
199zł Skra Częstohowa
9%
249zł GKS Tychy
8%
375zł Chojniczanka Chojnice
6%
Nie znaleziono quizów pasujących do podanych kryteriów
Rozkład punktacji
Procent ludzi z każdym wynikiem
Percentyl według liczby udzielonych odpowiedzi
Twoja historia wyników
Nie rozwiązałeś tego quizu